=LDR 00000nam 2200000 4500 =001 INLIS000000000056699 =005 20210614073638 =035 ##$$a 0010-0920000330 =245 1#$$a Memutus siklus kekerasan : $b Pencegahan konflik dalam krisis intranegara /$c Janie Leatherman [...at al] =100 #$$a Janie Leatherman =250 ##$$a Cet. 1 =300 ##$$a xii,317 hlm. ; $c 20 x 14 cm. =260 ##$$a Yogyakarta :$b Gadjah Mada University Press,$c 2004 =082 ##$$a 305.8 =084 ##$$a 305.8 MEM m =020 ##$$a 979-420-544-3 =600 #4$$a Konflik Rasial =504 ##$$a Bibliografi ;hlm.292-317 =520 ##$$a Biografi hlm. 319-320 =008 210614################g##########0#ind## =990 ##$$a 1200701057 =990 ##$$a 1200701058 =990 ##$$a 1200400819 =990 ##$$a 07240724